|
|
|
|
| LEADER |
00000nab a2200000 a 4500 |
| 001 |
vtls008415493 |
| 003 |
SK-MaSNL |
| 005 |
20260304134118.0 |
| 008 |
250505c2005 xo 0 slo |
| 015 |
|
|
|a SNBCL2005/5
|
| 035 |
|
|
|a SLK033534
|
| 035 |
|
|
|a urn:nbn:sk:snk-abw0p
|
| 035 |
|
|
|a (urnnbn)urn:nbn:sk:snk:ar-a0570d
|
| 035 |
|
|
|a (uuid)50480660-4822-49f6-ada8-04466f951f78
|
| 040 |
|
|
|a SNKBUCL
|b slo
|c SNKBUCL
|e AACR2
|
| 041 |
0 |
|
|a slo
|b eng
|b ger
|b slo
|
| 044 |
|
|
|a xo
|c SK
|
| 080 |
|
|
|a 616.982.1:616.36-002.3
|2 1981
|
| 100 |
1 |
|
|a Bartoš, Vladimír,
|d 1977-
|4 aut
|9 196474
|
| 245 |
1 |
0 |
|a Fatálny priebeh aktinomykózy pečene
|c Vladimír Bartoš, Ľudovít Lauko
|
| 246 |
1 |
0 |
|a Fatal course of actinomycosis of the liver
|
| 246 |
1 |
0 |
|a Fataler Verlauf einer Leberaktinomykose
|
| 504 |
|
|
|a Res. angl., nem., slov.
|
| 504 |
|
|
|a Bibliogr. odkazy
|
| 650 |
0 |
7 |
|a aktinomykóza
|2 MESH
|9 15905
|
| 650 |
0 |
7 |
|a choroby pečene
|2 MESH
|9 26797
|
| 650 |
0 |
7 |
|a absces
|2 MESH
|9 16684
|
| 650 |
0 |
7 |
|a pečeň
|2 MESH
|9 16488
|
| 700 |
1 |
|
|a Lauko, Ľudovít
|4 aut
|9 832543
|
| 773 |
0 |
|
|t Slovenský lekár
|g Roč. 15 (29), č. 3-4 (2005), s. 63-65
|x 1335-0234
|
| 850 |
|
|
|a Slovenská národná knižnica
|
| 852 |
|
|
|a Slovenská národná knižnica
|
| 954 |
|
|
|a odborná, vedecká literatúra pôvodná (slovenská)
|2 lita
|
| 958 |
|
|
|a article27
|
| 958 |
|
|
|a OND
|
| 958 |
|
|
|a EUIPO
|
| 999 |
|
|
|c 2905331
|d 2907261
|